[Event "Wch U16 Girls"]
[Site "Florianopolis"]
[Date "2024.10.29"]
[Round "1"]
[White "Bischoff, Isabella"]
[Black "Montiel Marin, Micaela Agustina"]
[Result "0-1"]
[WhiteElo "1570"]
[BlackElo "1891"]
[PlyCount "84"]
[EventDate "2024.10.29"]
[EventType "swiss"]
[EventRounds "11"]
[EventCountry "BRA"]
[SourceTitle "CB45_2024"]
[Source "ChessBase"]
[SourceDate "2024.11.06"]
[SourceVersion "1"]
[SourceVersionDate "2024.11.06"]
[SourceQuality "1"]

1. d4 Nf6 2. Bg5 e6 3. e3 d5 4. Bd3 c5 5. c3 h6 6. Bh4 Nc6 7. Nf3 Be7 8. Nbd2 0-0 9. Ne5 Nxe5 10. dxe5 Nd7 11. Bxe7 Qxe7 12. f4 Qh4+ 13. g3 Qh3 14. Bf1 Qf5 15. Nf3 Qe4 16. Kf2 c4 17. Bg2 Nc5 18. Ne1 Qg6 19. Rf1 Bd7 20. Kg1 Bc6 21. Qc2 Qxc2 22. Nxc2 Nd3 23. Rab1 a5 24. Nd4 Ra6 25. b3 b5 26. bxc4 bxc4 27. Nxc6 Rxc6 28. e4 d4 29. Bf3 dxc3 30. Bd1 Rd8 31. a3 Nc5 32. Bc2 Rd2 33. Rf2 Nb3 34. Rxd2 cxd2 35. Rd1 a4 36. Kf2 c3 37. Ke3 Kf8 38. f5 Ke7 39. g4 Rc5 40. Rb1 Rxe5 41. Bxb3 axb3 42. Rxb3 d1Q 0-1

[Event "BRA-ch (Women) 62nd"]
[Site "Timbo"]
[Date "2023.11.03"]
[Round "7"]
[White "Staats, Isabelli Da Silva"]
[Black "Bischoff, Isabella"]
[Result "1/2-1/2"]
[WhiteElo "1753"]
[BlackElo "1320"]
[PlyCount "60"]
[EventDate "2023.10.29"]
[EventType "swiss"]
[EventRounds "9"]
[EventCountry "BRA"]
[SourceTitle "CBM 217 Extra"]
[Source "ChessBase"]
[SourceDate "2024.01.31"]
[SourceVersion "1"]
[SourceVersionDate "2024.01.31"]
[SourceQuality "1"]

1. d4 Nf6 2. Bg5 Ne4 3. Bf4 c5 4. d5 Qb6 5. Qc1 c4 6. e3 Qa5+ 7. Nd2 c3 8. bxc3 Qxc3 9. Ngf3 d6 10. Bb5+ Nd7 11. 0-0 Nxd2 12. Qxd2 Qxd2 13. Nxd2 a6 14. Bd3 g6 15. Rfe1 Bg7 16. Rab1 Nc5 17. Be2 Bf5 18. e4 Nxe4 19. Nxe4 Bxe4 20. Bf3 Bxf3 21. gxf3 0-0-0 22. Rxe7 b5 23. Rxf7 Rd7 24. Rxd7 Kxd7 25. Re1 Rf8 26. Bg5 Bf6 27. Bxf6 Rxf6 28. Kg2 Rf5 29. Rd1 Kc7 30. Kg3 Kb6 1/2-1/2

[Event "BRA-ch (Women) 62nd"]
[Site "Timbo"]
[Date "2023.11.01"]
[Round "5"]
[White "Bischoff, Isabella"]
[Black "Ribeiro, Manuella Maia"]
[Result "1-0"]
[WhiteElo "1320"]
[BlackElo "1800"]
[PlyCount "75"]
[EventDate "2023.10.29"]
[EventType "swiss"]
[EventRounds "9"]
[EventCountry "BRA"]
[SourceTitle "CBM 217 Extra"]
[Source "ChessBase"]
[SourceDate "2024.01.31"]
[SourceVersion "1"]
[SourceVersionDate "2024.01.31"]
[SourceQuality "1"]

1. d4 d5 2. Bf4 c5 3. e3 Nc6 4. Nf3 Bf5 5. dxc5 e6 6. Nd4 Bg6 7. Bb5 Rc8 8. c3 Qd7 9. b4 Nf6 10. Nd2 Be7 11. N2f3 0-0 12. Ne5 Qd8 13. Nexc6 bxc6 14. Nxc6 Qd7 15. Nxe7+ Qxe7 16. Bd6 Qb7 17. Qa4 Qa8 18. Bxf8 Rxf8 19. Ba6 Bf5 20. c6 Ne8 21. b5 Nc7 22. Bb7 Qb8 23. Qb4 h6 24. a4 Qd8 25. a5 Qf6 26. b6 axb6 27. axb6 Ne8 28. c7 e5 29. c8Q Bxc8 30. Bxc8 Nd6 31. b7 Nxc8 32. Qxf8+ Kxf8 33. bxc8Q+ Ke7 34. Ra7+ Kd6 35. Ra6+ Ke7 36. Qc7+ Ke8 37. Ra8+ Qd8 38. Rxd8# 1-0

[Event "BRA-ch (Women) 62nd"]
[Site "Timbo"]
[Date "2023.10.30"]
[Round "3"]
[White "Bischoff, Isabella"]
[Black "Nakata, Thifanni Harumi"]
[Result "0-1"]
[WhiteElo "1320"]
[BlackElo "1765"]
[PlyCount "78"]
[EventDate "2023.10.29"]
[EventType "swiss"]
[EventRounds "9"]
[EventCountry "BRA"]
[SourceTitle "CBM 217 Extra"]
[Source "ChessBase"]
[SourceDate "2024.01.31"]
[SourceVersion "1"]
[SourceVersionDate "2024.01.31"]
[SourceQuality "1"]

1. d4 d5 2. Bf4 Nf6 3. Nf3 c5 4. e3 Nc6 5. Nc3 a6 6. Na4 cxd4 7. exd4 e6 8. Be2 Bd6 9. Bg3 0-0 10. 0-0 Ne4 11. Bxd6 Qxd6 12. Nc3 Nf6 13. h3 b5 14. a3 Bb7 15. Bd3 Rac8 16. Re1 Na5 17. Ne5 Nc4 18. Bxc4 dxc4 19. Qd2 Rfd8 20. Rad1 a5 21. Re3 b4 22. Ne2 Nd7 23. Nxd7 Rxd7 24. axb4 axb4 25. Rg3 e5 26. Qg5 f6 27. Qg4 Rcd8 28. b3 cxb3 29. cxb3 Ba6 30. d5 Rc8 31. h4 Rc2 32. Re3 f5 33. Qf3 e4 34. Qxf5 Rxe2 35. Rxe4 Rxe4 36. Qxe4 Rd8 37. Rd4 Bb7 38. Rxb4 Bxd5 39. Qd4 Qg6 0-1